000 00538nam a2200181 i 4500
001 21483
003 ES-MaACL
005 20250817051343.0
007 t|
008 021126s1958 sp ||||1| spa d
100 1 _aAlbert Berenguer, Isidro.
_919320
245 1 0 _aGrabadores de Alicante y su provincia /
_cIsidro Albert Berenguer.
260 _aAlicante :
_bComisión Provincial de Monumentos,
_c1958.
300 _a27 p. ;
_c21 cm.
650 7 _aGrabadores
_2embne
_9170900
852 4 _aES-MaACL
_j2007-F-12
999 _c21483
_d21483